00379nam a2200133Ia 4500008004100000041000800041082001500049100001700064245008700081260002100168300000800189365001600197700003200213230718s9999 xx 000 0 und d aeng a158.1bRAM aRamaswamy V. aPower Of Co-CreationbBuild It With Them To Boost Growth, Productivity And Profits c2010bFree Press a276 cRs.b395.00 aRamaswamy V. & Gouillart F.